Le Caire, sa vie, son histoire, son peuple /

محفوظ في:

المؤلف الرئيسي: Schemeil, Marius (مؤلف)

التنسيق: كتاب

اللغة: French

منشور في: Le Caire : al-Maaref, 1949.

الموضوعات:

الوسوم: إضافة وسم

لا توجد وسوم, كن أول من يضع وسما على هذه التسجيلة!

رقم الطلب: DT143 .S3 1949

LEADER 00676namaa2200229 4500
001 14187
003 OSt
005 20250526065830.0
008 190929s1949 ua abc b 000 0 fre d
010 |a 49024653 
040 |c ARCE Library 
043 |a f-ua--- 
050 4 |a DT143 .S3 1949 
100 1 |a Schemeil, Marius,  |e author  |9 39380 
245 1 3 |a Le Caire, sa vie, son histoire, son peuple /  |c Marius Schemeil. 
264 1 |a Le Caire :  |b al-Maaref,  |c 1949. 
300 |a 408 pages :  |b illustrations, maps (part folded), portraits ;  |c 24 cm. 
500 |a "Notice bibliographique": p. [9] 
651 0 |a Cairo (Egypt)  |x History. 
901 |a reviewed 
942 |c BK  |2 lcc 
999 |c 15100  |d 15100